Biodiversidad : (Registro nro. 19096)
[ vista simple ]
| 000 -CABECERA | |
|---|---|
| Campo de control | 01547nam a22003497a 4500 |
| 005 - FECHA Y HORA DE LA ULTIMA TRANSACCION | |
| Campo de control | 20161015164713.0 |
| 008 - ELEMENTOS DE LONGITUD FIJA—INFORMACION GENERAL | |
| Campo de control | 161015s2014 ck ad|||r|||| 00| 0 spa d |
| 020 ## - ISBN | |
| ISBN | 9789588438887 |
| 040 ## - FUENTE DE CATALOGACIÓN | |
| Agencia catalogadora original | CO-BoIAVH |
| Agencia transcriptora | CO-BoIAVH |
| 041 0# - IDIOMA | |
| Código de idioma para texto/pista de sonido o título separado | Español |
| 044 ## - PAÍS DE PUBLICACIÓN | |
| País de publicación | Colombia |
| 090 ## - CLASIFICACIÓN LOCAL | |
| Colección | FH- |
| Consecutivo | 0054 |
| 100 1# - ASIENTO PRINCIPAL--NOMBRE PERSONAL | |
| Nombre personal | Müller, Verena |
| Término relacionado | autora |
| 9 (RLIN) | 76972 |
| 245 10 - MENCION DE TITULO | |
| Título | Biodiversidad : |
| Parte restante del título | Una guía para todos / |
| Mención de responsabilidad | Verena Müller y Nikolaus Sigrist |
| 260 ## - PUBLICACION, DISTRIBUCION, ETC. (PIE DE IMPRENTA) | |
| Lugar de publicación, distribución, etc. | Bogotá, Colombia : |
| Nombre del editor, distribuidor, etc. | Instituto de Investigación de Recursos Biológicos Alexander von Humboldt : |
| -- | Programa Medio Ambiente Colombia : |
| -- | Deutsche Gesellschaft für Internationale Zusamemenarbeit (GIZ) GmbH, |
| Fecha de publicación, distribución, etc. | 2014. |
| 300 ## - DESCRIPCION FISICA | |
| Extensión | 26 páginas : |
| Otros detalles físicos | ilustraciones a color ; |
| Dimensiones | 21 x 14 cm. |
| 505 0# - NOTA DE CONTENIDO | |
| Nota de contenido | 1. Biodiversidad. |
| 505 0# - NOTA DE CONTENIDO | |
| Nota de contenido | 2. Ecosistemas. |
| 505 0# - NOTA DE CONTENIDO | |
| Nota de contenido | 3. Si no hubiera árboles. |
| 505 0# - NOTA DE CONTENIDO | |
| Nota de contenido | 4. ¿Qué servicios nos prestan los ecosistemas? |
| 505 0# - NOTA DE CONTENIDO | |
| Nota de contenido | 5. ¿Cómo funciona la biodiversidad? |
| 505 0# - NOTA DE CONTENIDO | |
| Nota de contenido | 6. Colombia. Un tesoro de biodiversidad. |
| 505 0# - NOTA DE CONTENIDO | |
| Nota de contenido | 7. Pérdida de la biodiversidad en Colombia. |
| 505 0# - NOTA DE CONTENIDO | |
| Nota de contenido | 8. Política Nacional de Gestión Integral de Biodiversidad-PNGIBSE. |
| 505 0# - NOTA DE CONTENIDO | |
| Nota de contenido | 9. Convenio sobre Diversidad Biológica-CDB. |
| 505 0# - NOTA DE CONTENIDO | |
| Nota de contenido | 10. ¿Qué puedo hacer yo para ayudar a ña conservación de nuestra biodiversidad? |
| 650 26 - ASIENTO SECUNDARIO DE MATERIA - TERMINO TEMATICO | |
| Término temático o nombre geográfico como elemento de entrada | Biodiversidad |
| Subdivisión geográfica | Colombia |
| 9 (RLIN) | 76974 |
| 650 26 - ASIENTO SECUNDARIO DE MATERIA - TERMINO TEMATICO | |
| Término temático o nombre geográfico como elemento de entrada | Conservación de la diversidad biológica |
| Subdivisión geográfica | Colombia |
| 9 (RLIN) | 76975 |
| 650 26 - ASIENTO SECUNDARIO DE MATERIA - TERMINO TEMATICO | |
| Término temático o nombre geográfico como elemento de entrada | Ecosistemas |
| Subdivisión geográfica | Colombia |
| 9 (RLIN) | 76976 |
| 700 1# - ASIENTO SECUNDARIO - NOMBRE PERSONAL | |
| Nombre personal | Sigrist, Nikolaus |
| Término de relación | autor |
| 9 (RLIN) | 76973 |
| 942 ## - ELEMENTOS ADICIONALES (KOHA) | |
| Sistema de clasificación | Local |
| Tipo de ítem | Folleto |
| Withdrawn status | Lost status | Sistema de Clasificación | Damaged status | No para préstamo | Colección | Ubicación Permanente | Ubicación actual | Fecha de adquisición | Total Checkouts | Número topográfico | Inventario / Código de Barras | Date last seen | Ejemplar | Price effective from | Forma de adquisición | Tipo de material |
|---|---|---|---|---|---|---|---|---|---|---|---|---|---|---|---|---|
| Local | Hemeroteca | Bogotá | Bogotá | 15/10/2016 | FH-0054 | 040777 | 15/10/2016 | Ej. 1 | 15/10/2016 | Institucional | Folleto | |||||
| Local | Hemeroteca | Bogotá | Bogotá | 15/10/2016 | FH-0054 | 040778 | 15/10/2016 | Ej. 2 | 15/10/2016 | Donación | Folleto |